Memorias de los últimos días de Byron y Shelley / (Record no. 16134)

MARC details
000 -LEADER
campo de control de longitud fija 01047nam a2200301 i 4500
001 - NÚMERO DE CONTROL
campo de control 16134
003 - IDENTIFICADOR DE NÚMERO DE CONTROL
campo de control ES-MaACL
005 - FECHA Y HORA DE LA ÚLTIMA TRANSACCIÓN
campo de control 20250722093412.0
007 - CAMPO FIJO DE DESCRIPCIÓN FÍSICA--INFORMACIÓN GENERAL
campo de control de longitud fija t|
008 - DATOS DE LONGITUD FIJA--INFORMACIÓN GENERAL
campo de control de longitud fija 000704s2000 sp ||||1| spa d
020 ## - NÚMERO INTERNACIONAL ESTÁNDAR DEL LIBRO
Número Internacional Estándar del Libro 84-8428-005-5
080 ## - NÚMERO DE LA CLASIFICACIÓN DECIMAL UNIVERSAL
Número de la Clasificación Decimal Universal 821.111-94"18"
080 ## - NÚMERO DE LA CLASIFICACIÓN DECIMAL UNIVERSAL
Número de la Clasificación Decimal Universal 929 Byron, George Gordon Byron, Baron
080 ## - NÚMERO DE LA CLASIFICACIÓN DECIMAL UNIVERSAL
Número de la Clasificación Decimal Universal 929 Shelley, Percy Bysshe
100 1# - ENTRADA PRINCIPAL--NOMBRE DE PERSONA
Nombre de persona Trelawny, Edward John.
9 (RLIN) 111294
245 10 - MENCIÓN DEL TÍTULO
Título Memorias de los últimos días de Byron y Shelley /
Mención de responsabilidad, etc. E.J. Trelawny ; introducción y notas J.E. Morpurgo ; traducción Catalina Martínez Muñoz.
250 ## - MENCION DE EDICION
Mención de edición 1ª ed.
260 ## - PUBLICACIÓN, DISTRIBUCIÓN, ETC.
Lugar de publicación, distribución, etc. Barcelona :
Nombre del editor, distribuidor, etc. Alba,
Fecha de publicación, distribución, etc. 2000.
300 ## - DESCRIPCIÓN FÍSICA
Extensión 364 p. :
Otras características físicas il. ;
Dimensiones 21 cm.
490 1# - MENCIÓN DE SERIE
Mención de serie A Clásica. Biografías ;
Designación de volumen o secuencia 2
600 14 - PUNTO DE ACCESO ADICIONAL DE MATERIA--NOMBRE DE PERSONA
Nombre de persona Byron, George Gordon Byron,
Títulos y otros términos asociados al nombre Baron,
Fechas asociadas al nombre 1788-1824
9 (RLIN) 33026
600 14 - PUNTO DE ACCESO ADICIONAL DE MATERIA--NOMBRE DE PERSONA
Nombre de persona Shelley, Percy Bysshe.
9 (RLIN) 106071
700 1# - ENTRADA AGREGADA--NOMBRE PERSONAL
Nombre de persona Morpurgo, J.E.
9 (RLIN) 83655
700 1# - ENTRADA AGREGADA--NOMBRE PERSONAL
Nombre de persona Martínez Muñoz, Catalina.
9 (RLIN) 78271
830 0# - PUNTO DE ACCESO ADICIONAL DE SERIE-TÍTULO UNIFORME
Título uniforme A Clásica
Designación de volumen o secuencia 2
9 (RLIN) 180011
852 ## - LOCALIZACIÓN
Ubicación ES-MaACL
Número de control de estantería L-23339
Sublocalización o colección R.128970
Holdings
Estatus retirado Estado de pérdida Estado de daño No para préstamo Biblioteca de origen Biblioteca actual Ubicación en estantería Fecha de adquisición Fuente de adquisición Total de préstamos Signatura topográfica completa Código de barras Visto por última vez Precio de reemplazo Tipo de ítem Koha
        Biblioteca del Ateneo de Madrid Biblioteca del Ateneo de Madrid Depósito 2 17/01/2008     L-23339 1016396 23/02/2023 23/02/2023 Libro impreso